000
00282nam a2200097Ia 4500
008
230206s9999 xx 000 0 und d
041
_a
eng
100
_a
Murthy E N, Ed.
_9
119287
245
_a
The IUP Journal of Entrepreneurship Development
260
_c
2010
_b
IUP Publications
_a
Hyderabad
999
_c
97739
_d
97739